| 000 | 00622nam a22001817a 4500 | ||
|---|---|---|---|
| 003 | OSt | ||
| 005 | 20240604155628.0 | ||
| 008 | 240604b ||||| |||| 00| 0 eng d | ||
| 040 | _cAIMIT LIBRARY | ||
| 100 |
_aYallapur, Semiulla. _e202030 _9169245 |
||
| 245 |
_aImage recognition and identification system on AWS / _cBy Semiulla Yallapur ; Guided by Vanitha T and Ramesh Srini. |
||
| 260 |
_aMangalore _c2022 |
||
| 650 |
_aResult analysis and discussion _9169246 |
||
| 700 |
_aT, Vanitha. _eGuide _9169247 |
||
| 700 |
_aSrinivasan, Ramesh _9169248 |
||
| 856 |
_3Tata Consultancy Services. _ywww.tcs.com |
||
| 942 |
_2ddc _cPRO |
||
| 999 |
_c231035 _d231035 |
||